000 00422nam a2200145Ia 4500
008 211109s9999||||xx |||||||||||||| ||und||
082 _a894.8121
_bGOV-S
100 _aGovindan Nair, V V
245 0 _aSeethakavya Charcha
260 _bMarar Sahitya Prakasam
_aKozhikode
_c1987
300 _a233p.
630 _xGENERAL STACK
650 _aLiterature
_vMalayalam Literature
_xMalayalam PoetryPoetryMalayalam
942 _cBOOK
999 _c39070
_d39070